|
|
|
|
| LEADER |
01463nam a2200445 a 4500 |
| 001 |
000319482 |
| 003 |
CZ BrMZK |
| 005 |
20220106134717.0 |
| 007 |
ta |
| 008 |
980115s1997 xr e acze d |
| 015 |
|
|
|a cnb000363343
|
| 020 |
|
|
|a 80-86046-17-6
|
| 035 |
|
|
|a (OCoLC)84950789
|
| 040 |
|
|
|a BOA001
|b cze
|
| 043 |
|
|
|a e-xr---
|a e-dk---
|
| 045 |
|
|
|a x-x-
|
| 072 |
|
7 |
|a 59
|x Zoologie
|2 Konspekt
|9 2
|
| 072 |
|
7 |
|a 929
|x Biografie
|2 Konspekt
|9 8
|
| 080 |
|
|
|a 59-051
|2 MRF
|
| 080 |
|
|
|a 598.2
|2 MRF
|
| 080 |
|
|
|a 591.9
|2 MRF
|
| 080 |
|
|
|a 57.081.1
|2 MRF
|
| 080 |
|
|
|a 929
|2 MRF
|
| 080 |
|
|
|a (437.3)
|2 MRF
|
| 080 |
|
|
|a (489)
|2 MRF
|
| 080 |
|
|
|a (0:82-94)
|2 MRF
|
| 100 |
1 |
|
|a Klůz, Zdeněk,
|d 1920-1979
|7 jk01060731
|4 aut
|
| 245 |
1 |
0 |
|a Léto na Ptačím ostrově /
|c Zdeněk Klůz.
|
| 260 |
|
|
|a Pardubice :
|b Východočeské muzeum,
|c 1997
|
| 300 |
|
|
|a 71, [11] s. :
|b il. ;
|c 21 cm
|
| 600 |
1 |
7 |
|a Klůz, Zdeněk,
|d 1920-1979
|7 jk01060731
|2 czenas
|
| 650 |
0 |
7 |
|a zoologové
|7 ph127668
|z Česko
|y 20. století
|2 czenas
|
| 650 |
0 |
7 |
|a ptáci
|7 ph115956
|2 czenas
|
| 650 |
0 |
7 |
|a fauna
|7 ph114529
|z Dánsko
|2 czenas
|
| 650 |
0 |
7 |
|a pozorování přírody
|7 ph124478
|z Dánsko
|2 czenas
|
| 655 |
|
7 |
|a autobiografické vzpomínky
|7 fd131854
|2 czenas
|
| 710 |
2 |
|
|a Východočeské muzeum (Pardubice, Česko)
|7 kn20010724958
|
| 910 |
|
|
|a BOA001
|b 2-1045.623
|
| 990 |
|
|
|a BK
|
| 996 |
6 |
|
|b 2610071776
|c 2-1045.623
|l MZK
|r Sklad / do 1 hodiny
|n 0
|p p.v.
|w 000319482
|u 000010
|a 1
|e BOA001
|j MZK50
|s P
|